| 000 | 00564nam a2200217 a 4500 | ||
|---|---|---|---|
| 001 | 4354 | ||
| 003 | CDMR | ||
| 005 | 20151022113002.0 | ||
| 008 | 130130s1990||||||||||||||||||||||||||||d | ||
| 020 | _a8486459303 | ||
| 024 |
_2DL _aM156301990 |
||
| 040 |
_aCDMR _bcat _cCDMR |
||
| 110 |
_93256 _aDiario El País, S.L. |
||
| 245 | 3 |
_aEl País _b: libro de estilo |
|
| 250 | _a4a | ||
| 260 |
_aMadrid _c1990 _bEl País |
||
| 300 | _a524 p. | ||
| 650 | 0 | 4 |
_93086 _aPeriodisme _xManuals d'estil |
| 610 | 2 |
_93256 _aDiario El País, S.L. _xManuals d'estil |
|
| 942 |
_cMON _2udc |
||
| 999 |
_c4354 _d4354 |
||